| 000 | 00413nam a2200181Ia 4500 | ||
|---|---|---|---|
| 001 | 15069 | ||
| 005 | 20260306165000.0 | ||
| 008 | 260306t2016||||xx |||||||||||||| ||spa|| | ||
| 041 | _aESP | ||
| 082 |
_a526.9 _bW78 2016 |
||
| 100 |
_aWolf, Paul R. _eAUT |
||
| 245 | 0 | _aTopografĂa | |
| 260 | _c2016 | ||
| 300 |
_axxxi, 936 páginas : _c23 cm. |
||
| 650 | _aGEN | ||
| 654 | _aCIC | ||
| 942 |
_cLIB _dJUS _fJUS _2ddc _n |
||
| 999 |
_c15069 _d15069 |
||